le chanteur de jazz Sardou - Statistiques

Statistiques générales
  • Ce quiz a été pris 13 fois
    6 depuis la dernière actualisation
  • Le résultat moyen est 248 sur 349
Statistiques - réponses
Parole % Correct
à
100%
au
100%
bas
100%
chanteur
100%
dans
100%
de
100%
des
100%
du
100%
jazz
100%
la
100%
là-bas
100%
le
100%
aux
80%
brooklyn
80%
café
80%
ciel
80%
comme
80%
en
80%
et
80%
femmes
80%
gitanes
80%
havane
80%
J'ai
80%
j'ai
80%
jumelles
80%
les
80%
mais
80%
marché
80%
millions
80%
mon
80%
pan am
80%
pont
80%
river
80%
sam
80%
sept
80%
sur
80%
tours
80%
aveuglé
60%
babel
60%
bateaux
60%
battaient
60%
bouffées
60%
buvaient
60%
canne
60%
caravane
60%
carnaval
60%
carnegie
60%
central
60%
cinquième
60%
couleur
60%
crachait
60%
crane
60%
d'anciennes
60%
defilait
60%
d'escalier
60%
d'oncles
60%
emmêlé
60%
feuillage
60%
forêts
60%
fumée
60%
fumées
60%
hall
60%
helicos
60%
la cinquième
60%
l'aile
60%
l'eau
60%
leur
60%
Madison
60%
Manhattan
60%
manhattan
60%
Marilyn
60%
marilyn
60%
nouvelles
60%
nuées
60%
orchestre
60%
park
60%
pédales
60%
pied
60%
savanes
60%
soldats
60%
sortaient
60%
sous
60%
toits
60%
un
60%
une
60%
vitres
60%
voitures
60%
ambulance
40%
arc
40%
autour
40%
aveuglées
40%
barque
40%
bonheur
40%
cheval
40%
chicanes
40%
déchiraient
40%
enfants
40%
formaient
40%
fumer
40%
général
40%
héros
40%
heros
40%
ils
40%
incendiés
40%
klaxons
40%
l'Hudson
40%
l'hudson
40%
lunettes
40%
madones
40%
mendiait
40%
passaient
40%
phrases
40%
regard
40%
remorquaient
40%
revendaient
40%
rimeur
40%
sabots
40%
Sheridan
40%
sirènes
40%
téléphones
40%
tombaient
40%
travers
40%
vieux
40%
couraient
20%
silence
20%
veilles
20%
vielles
20%
Aucun quiz correspondant
Distribution des résultats
% des personnes avec chaque résultat
Percentile par nombre de réponses
Votre historique - résultats
Vous n’avez pas pris ce quiz depuis la dernière actualisation